000 00770nam a22002297a 4500
003 UA-OsUOA
001 65069
007 ta
008 20091112b un ||||| |||| 00| 0 ukr d
090 _a94(477)"1932/1993"
_bГ61
942 _cBK
040 _aUA-OsUOA
_bukr
_cUA-OsUOA
_dUA-OsUOA
245 _aГолодомор 1932 - 1933 років як величезна трагедія українського народу
_bМатеріали Всеукраїнської наукової конференції
300 _a280 с.
955 _a2
041 _aukr
080 _a94(477)"1932/1993"
020 _a966-608-260-8
260 _aК.
_c2003
650 7 _a9 Географія. Біографії. Історія
_2UDC
999 _c351182
_d351182